00696nam a2200241 a 4500001001300000003000900013005001700022008004100039020001000080082001700090100003100107245003700138260003500175300000900210500003500219505001000254650001600264700003100280902000800311942000700319952011300326999001500439nice12345678IN_TiNIC20260116011851.0050524s1974 hyda grp 000 0 urd  ac8.500a891.45bSAH1 aSaheb, Muzaffaruddin, Khan aMajmua-E-Rubayatb Ufaq Der Ufaq aHyderabadbVilla Academyc1974 a160p aincludes index and biblioraphy2 aIndex aUrdu-Poetry1 aSaheb, Muzaffaruddin, Khan bSRS cBK 001040708StackRoom-aHMIbHMId2008-02-07g8.50l0o891.45 SAH1p07580r2008-02-07v8.50w2005-05-24yBK c4573d4573